| 000 | 01046nam0a2200325 4500 | ||
|---|---|---|---|
| 001 | RU\NLR\BIBL_A\010820440 | ||
| 005 | 20250614102704.0 | ||
| 010 | _a978-5-94962-220-9 | ||
| 021 |
_aRU _b2015-52052 _93078 |
||
| 035 | _a(NILC)RuMoRGB-007978070 | ||
| 035 | _a(NLR Aleph) 010820440 | ||
| 090 |
_a10241493 _c10241493 |
||
| 100 | _a20150817d2015 |||y0rusy50 ca | ||
| 101 | 0 | _aeng | |
| 102 | _aRU | ||
| 105 | _ay|||z|||000ay | ||
| 200 | 1 |
_aDandelion wine _fby Ray Bradbury |
|
| 210 |
_aСанкт-Петербург _cАнтология _d2015 |
||
| 215 |
_a286, [1] с. _d17 |
||
| 225 | 1 | _aMy favourite fiction | |
| 333 | _a16+ | ||
| 541 | 1 | _aВино из одуванчиков | |
| 606 | 1 |
_aАнглийский язык _jКниги для чтения _9972309 _3RU\NLR\AUTH\6646032 |
|
| 686 | 1 | _aШ143.21-93рус91 | |
| 700 | 1 |
_7ba _8eng _aBradbury _bR. _f1920-2012 _gRay _9144542 _3RU\NLR\AUTH\770144578 |
|
| 801 | 0 |
_aRU _bРГБ _c20150717 _gRCR |
|
| 942 | _cBOOK | ||
| 980 | _aNB | ||